Improving the student teaching experience : looking to the research for guidance / Murray F. Mitchell, Susan Schwoger (Record no. 70260)
[ view plain ]
| 000 -CABECERA | |
|---|---|
| campo de control de longitud fija | 00675nam a2200217 a 4500 |
| 005 - FECHA Y HORA DE LA ÚLTIMA TRANSACCIÓN | |
| campo de control | 20210219153157.0 |
| 008 - ELEMENTOS DE LONGITUD FIJA--INFORMACIÓN GENERAL | |
| campo de control de longitud fija | 991125n 000 0 eng u |
| 035 ## - NÚMERO DE CONTROL DEL SISTEMA | |
| Número de control de sistema | UPN01000082065 |
| 100 ## - ASIENTO PRINCIPAL--NOMBRE PERSONAL | |
| Nombre de persona | Mitchell, Murray F. |
| 222 ## - TÍTULO CLAVE | |
| Título clave | PHYSICAL EDUCATOR |
| 245 ## - MENCIÓN DE TÍTULO | |
| Título | Improving the student teaching experience : looking to the research for guidance / Murray F. Mitchell, Susan Schwoger |
| 300 ## - DESCRIPCIÓN FÍSICA | |
| Extensión | 31-38 |
| 362 ## - FECHAS DE PUBLICACIÓN Y/O DESIGNACIÓN SECUENCIAL | |
| Fecha de publicación y/o designación secuencial | 1993 50, no. 1 |
| 653 0# - TERMINO DE INDIZACION - NO CONTROLADO | |
| Término no controlado | EDUCACION FISICA |
| 653 0# - TERMINO DE INDIZACION - NO CONTROLADO | |
| Término no controlado | EFICACIA DEL MAESTRO |
| 653 0# - TERMINO DE INDIZACION - NO CONTROLADO | |
| Término no controlado | ENSE\197ANZA DEL ESTUDIANTE |
| 653 0# - TERMINO DE INDIZACION - NO CONTROLADO | |
| Término no controlado | EXPERIENCIA EN ENSE\197ANZA |
| 700 ## - ASIENTO SECUNDARIO--NOMBRE DE PERSONAL | |
| Nombre de persona | Schwoger, Susan, coaut. |
| 904 ## - ELEMENTOS DE DATOS D LOCAL, LDD (RLIN) | |
| a | AC |
| b | 019876 |
| 905 ## - TIPO DE MATERIAL | |
| Tipo de material | Articulo |
No items available.
